000 00858nam a2200253 a 4500
001 BRL_1289
005 20190320211129.0
008 271213c1930----u--abo####---#000-0#eng-#
041 _aeng
044 _au
050 4 _aF1221.M67
_b.S3 1930
100 1 _aSchmieder, Oscar
_d1891-
_926396
245 1 0 _aThe settlements of the tzapotec and mije indians
_bstate of Oaxaca, Mexico
_cOscar Schmieder.
260 _aBerkeley, California
_bUniversity of California Press
_c1930
300 _avii, 184 p.
_bil., 47 láminas, 8 mapas plegables
_c27 cm.
440 0 _aUniversity of California Publications in Geography
_v4
_926397
500 _aAu1526
500 _aEstado físco; Pasta incompleta y en mal estado.
650 1 4 _aZapotecas
_910464
650 1 4 _aMixes
_926398
650 1 4 _aIndígenas de México
_zOaxaca
_926027
902 _aGRL
942 _2lcc
_cB
999 _c10101
_d10101